Văn hóa tín ngưỡng gia đình việt Nam qua nhãn quan học giả L. Cadière chủ bút Tạp chí " Bulletin des Amis vieux Hué " ( 1914 - 1944 )

Sách in lại những tài liệu của Tạp chí BAVH ghi lại những tín ngưàng xa xưa còn sót lại ở xứ miền Trung. Đây là nguồn tư liệu quí để nghiên cứu Tín ngưàng Việt Nam.

Đã lưu trong:
书目详细资料
主要作者: Đỗ Trinh Huệ
格式: 图书
语言:Undetermined
出版: Huế Thuận Hóa 2000
标签: 添加标签
没有标签, 成为第一个标记此记录!
Thư viện lưu trữ: Trung tâm Học liệu Trường Đại học Cần Thơ
LEADER 00843nam a2200169Ia 4500
001 CTU_39686
008 210402s9999 xx 000 0 und d
082 |a 398.409597 
082 |b H507 
100 |a Đỗ Trinh Huệ 
245 0 |a Văn hóa tín ngưỡng gia đình việt Nam qua nhãn quan học giả L. Cadière chủ bút Tạp chí " Bulletin des Amis vieux Hué " ( 1914 - 1944 ) 
245 0 |c Đỗ Trinh Huệ 
260 |a Huế 
260 |b Thuận Hóa 
260 |c 2000 
520 |a Sách in lại những tài liệu của Tạp chí BAVH ghi lại những tín ngưàng xa xưa còn sót lại ở xứ miền Trung. Đây là nguồn tư liệu quí để nghiên cứu Tín ngưàng Việt Nam. 
980 |a Trung tâm Học liệu Trường Đại học Cần Thơ